000 00471nam a22001097a 4500
008 110608t xxu||||| |||| 00| 0 eng d
010 _aSCCAF15
245 _aSupreme Court Civil Appeal No. 47 OF 1995 Prof. Syed Huq Vs The Islamic University in Uganda
260 _c1995
500 _aCoram: Wambuzi, CJ, Tsekooko, JSC, Karokora, JSC
500 _aAppeal from the Judgement and Decree of Mr. Justice D.C. Porter dated 4th November, 1991 in High Court Civil suit No. 924 of 1993
999 _c2476
_d2476